[Event "35. Rilton Cup 2005/2006"]
[Site "Stockholm"]
[Date "2005.12.31"]
[Round "5.20"]
[White "Jensen, Leif"]
[Black "Nouro, Mikael"]
[Result "0-1"]
[WhiteElo "2166"]
[BlackElo "2349"]
[PlyCount "68"]
[EventDate "2005.12.27"]
[EventType "swiss"]
[EventRounds "9"]
[EventCountry "SWE"]
[Source "lmi"]
[SourceDate "2006.01.06"]

1. e4 g6 2. g3 Bg7 3. Bg2 c5 4. d3 Nc6 5. c3 e5 6. f4 d6 7. Nf3 Nge7 8. O-O O-O
9. Be3 exf4 10. Bxf4 d5 11. Nbd2 h6 12. Nb3 b6 13. Qc2 g5 14. Be3 dxe4 15. dxe4
Ng6 16. Rad1 Qe7 17. Rfe1 Be6 18. Bf2 Rad8 19. Re2 Rxd1+ 20. Qxd1 Nce5 21. Nxe5
Nxe5 22. h3 g4 23. h4 Nf3+ 24. Bxf3 gxf3 25. Re3 Bg4 26. Qc2 h5 27. Nd2 Bh6 28.
Re1 Rd8 29. Nf1 Qe6 30. a3 Bh3 31. Ne3 Bg2 32. Nf5 Rd2 33. Qc1 Kh7 34. Nxh6 Qh3
0-1

[Event "35. Rilton Cup 2005/2006"]
[Site "Stockholm"]
[Date "2005.12.31"]
[Round "5.21"]
[White "Couso, Luis"]
[Black "Skjoldan, Benjamin"]
[Result "1/2-1/2"]
[WhiteElo "2347"]
[BlackElo "2149"]
[PlyCount "36"]
[EventDate "2005.12.27"]
[EventType "swiss"]
[EventRounds "9"]
[EventCountry "SWE"]
[Source "lmi"]
[SourceDate "2006.01.06"]

1. e4 c5 2. Nf3 e6 3. d4 cxd4 4. Nxd4 a6 5. Bd3 Bc5 6. c3 Nc6 7. Nxc6 dxc6 8.
O-O e5 9. Qe2 Ne7 10. Rd1 Qc7 11. b4 Ba7 12. Nd2 O-O 13. Nc4 Be6 14. Be3 b5 15.
Nd2 c5 16. a4 c4 17. Bc2 Ng6 18. g3 Rfd8 1/2-1/2

[Event "35. Rilton Cup 2005/2006"]
[Site "Stockholm"]
[Date "2005.12.31"]
[Round "5.23"]
[White "Furhoff, Johan"]
[Black "Hammar, Ulf"]
[Result "1-0"]
[WhiteElo "2354"]
[BlackElo "2156"]
[PlyCount "53"]
[EventDate "2005.12.27"]
[EventType "swiss"]
[EventRounds "9"]
[EventCountry "SWE"]
[Source "lmi"]
[SourceDate "2006.01.06"]

1. d4 d5 2. c4 c6 3. Nc3 Nf6 4. Nf3 dxc4 5. a4 Bf5 6. e3 e6 7. Bxc4 Bb4 8. O-O
O-O 9. Nh4 Bg6 10. Nxg6 hxg6 11. Qc2 Nbd7 12. Rd1 Qe7 13. a5 e5 14. Qxg6 e4 15.
Bd2 Bd6 16. Rf1 Rae8 17. f4 exf3 18. Rxf3 b5 19. axb6 Nxb6 20. Bb3 Nbd5 21. Qg5
Rb8 22. Nxd5 cxd5 23. Rh3 Qe4 24. Rf1 Rxb3 25. Rxf6 Rxb2 26. Qh5 Qb1+ 27. Rf1
1-0

[Event "35. Rilton Cup 2005/2006"]
[Site "Stockholm"]
[Date "2005.12.31"]
[Round "5.24"]
[White "Nyland, Thomas"]
[Black "Molander, Riku"]
[Result "1/2-1/2"]
[WhiteElo "2147"]
[BlackElo "2323"]
[PlyCount "39"]
[EventDate "2005.12.27"]
[EventType "swiss"]
[EventRounds "9"]
[EventCountry "SWE"]
[Source "lmi"]
[SourceDate "2006.01.06"]

1. d4 Nf6 2. c4 c5 3. d5 e6 4. Nc3 exd5 5. cxd5 d6 6. e4 g6 7. Nf3 Bg7 8. Bd3
O-O 9. h3 Nh5 10. O-O Nd7 11. Be3 Qe7 12. Qd2 Ne5 13. Nxe5 Bxe5 14. Bg5 Bf6 15.
Bxf6 Qxf6 16. Ne2 g5 17. Qc3 Qxc3 18. bxc3 Bd7 19. g4 Nf6 20. f4 1/2-1/2

[Event "35. Rilton Cup 2005/2006"]
[Site "Stockholm"]
[Date "2005.12.31"]
[Round "5.25"]
[White "Stokke, Kjetil"]
[Black "Azizi, Haroon"]
[Result "1-0"]
[WhiteElo "2293"]
[BlackElo "2145"]
[PlyCount "55"]
[EventDate "2005.12.27"]
[EventType "swiss"]
[EventRounds "9"]
[EventCountry "SWE"]
[Source "lmi"]
[SourceDate "2006.01.06"]

1. e4 Nf6 2. e5 Nd5 3. d4 d6 4. Nf3 Bg4 5. Be2 e6 6. h3 Bh5 7. c4 Nb6 8. exd6
cxd6 9. Nc3 Be7 10. d5 e5 11. g4 Bg6 12. h4 h5 13. g5 Na6 14. Be3 Bf5 15. Nd2
g6 16. Nde4 Rc8 17. b3 Kf8 18. Qd2 Kg8 19. f4 exf4 20. Bd4 Nd7 21. Qxf4 Nb4 22.
Bxh8 Kxh8 23. O-O Ne5 24. Rad1 b6 25. Nb5 a5 26. Rd2 Na6 27. Na7 Nc5 28. Nxc5
1-0

[Event "35. Rilton Cup 2005/2006"]
[Site "Stockholm"]
[Date "2006.01.02"]
[Round "6.1"]
[White "Ivanov, Sergey"]
[Black "Johannessen, Leif Erlend"]
[Result "1/2-1/2"]
[WhiteElo "2538"]
[BlackElo "2564"]
[PlyCount "83"]
[EventDate "2005.12.27"]
[EventType "swiss"]
[EventRounds "9"]
[EventCountry "SWE"]
[Source "lmi"]
[SourceDate "2006.01.06"]

1. Nf3 Nf6 2. c4 e6 3. Nc3 c5 4. g3 b6 5. Bg2 Bb7 6. O-O Be7 7. Re1 d5 8. cxd5
Nxd5 9. e4 Nxc3 10. bxc3 O-O 11. d4 cxd4 12. cxd4 Nc6 13. Bb2 Bf6 14. Qa4 Rc8
15. Rad1 Na5 16. Ba3 Re8 17. Ne5 a6 18. Rc1 Rxc1 19. Bxc1 b5 20. Qb4 Be7 21.
Qc3 f6 22. Nd3 Nc4 23. Nf4 Bf8 24. d5 exd5 25. exd5 Bd6 26. Rxe8+ Qxe8 27. Ne6
Qg6 28. h4 Qf5 29. Nd4 Qb1 30. Kh2 Qxa2 31. Qe1 Ne5 32. Nc6 Bc8 33. Bf4 Bd7 34.
Bxe5 fxe5 35. Nxe5 Bxe5 36. Qxe5 Qxf2 37. Qd6 Qf5 38. Qxa6 Qe5 39. Qb6 Kf7 40.
d6 Qe6 41. Qc5 Kf8 42. Bf1 1/2-1/2

[Event "35. Rilton Cup 2005/2006"]
[Site "Stockholm"]
[Date "2006.01.02"]
[Round "6.2"]
[White "Rozentalis, Eduardas"]
[Black "Cicak, Slavko"]
[Result "1-0"]
[WhiteElo "2585"]
[BlackElo "2497"]
[PlyCount "115"]
[EventDate "2005.12.27"]
[EventType "swiss"]
[EventRounds "9"]
[EventCountry "SWE"]
[Source "lmi"]
[SourceDate "2006.01.06"]

1. e4 g6 2. d4 Bg7 3. Bc4 c5 4. Qf3 e6 5. dxc5 Qa5+ 6. Bd2 Qxc5 7. Bc3 f6 8.
Nd2 Nc6 9. Ne2 Ne5 10. Bxe5 Qxe5 11. c3 Ne7 12. Qe3 f5 13. f4 Qc7 14. e5 O-O
15. O-O g5 16. Rae1 b5 17. Bb3 Bb7 18. Nf3 gxf4 19. Nxf4 Bh6 20. Kh1 Qc8 21.
Nh4 Kh8 22. Nfg6+ Nxg6 23. Nxg6+ Kg7 24. Nf4 Kh8 25. Bd1 Rg8 26. Bf3 Bc6 27.
Rd1 a5 28. Rd4 Qb7 29. Bxc6 Qxc6 30. Qf3 Bxf4 31. Rxf4 Qxf3 32. gxf3 Rac8 33.
Rd4 Rc5 34. f4 Rg7 35. Rg1 Rc7 36. Rg3 Kg8 37. Kg2 Kf8 38. Kf2 Rg6 39. Rgd3 Rh6
40. h3 Ke8 41. Rg3 Kf7 42. Rgd3 Ke8 43. a3 Rg6 44. Rd6 b4 45. axb4 axb4 46.
cxb4 Rc2+ 47. Rd2 Rxd2+ 48. Rxd2 Ke7 49. b5 Rg8 50. Rd3 Ra8 51. b6 Rb8 52. Rb3
d6 53. exd6+ Kxd6 54. Ke3 e5 55. fxe5+ Kxe5 56. b7 Kd6 57. Kf4 Kc7 58. h4 1-0

[Event "35. Rilton Cup 2005/2006"]
[Site "Stockholm"]
[Date "2006.01.02"]
[Round "6.4"]
[White "Nyback, Tomi"]
[Black "Khmelniker, Ilya"]
[Result "1-0"]
[WhiteElo "2563"]
[BlackElo "2430"]
[PlyCount "70"]
[EventDate "2005.12.27"]
[EventType "swiss"]
[EventRounds "9"]
[EventCountry "SWE"]
[Source "lmi"]
[SourceDate "2006.01.06"]

1. Nf3 Nf6 2. c4 g6 3. Nc3 d5 4. Qa4+ Bd7 5. Qb3 dxc4 6. Qxc4 Bg7 7. e4 O-O 8.
e5 Ng4 9. d4 Be6 10. Qb5 b6 11. h3 c6 12. Qe2 Nh6 13. Bf4 Kh8 14. Qd2 Ng8 15.
h4 f6 16. Qe3 Qc8 17. O-O-O b5 18. Re1 Bf5 19. e6 Na6 20. Bd3 Bg4 21. Nh2 f5
22. Nxg4 fxg4 23. h5 Rxf4 24. hxg6 h6 25. Qxf4 c5 26. Kb1 Nb4 27. Be4 cxd4 28.
Nd5 Nxd5 29. Bxd5 Rb8 30. Bb3 a5 31. Rh5 a4 32. Reh1 Qf8 33. Rf5 Qc8 34. Rf7
Qe8 35. Bd5 Ra8 1-0

[Event "35. Rilton Cup 2005/2006"]
[Site "Stockholm"]
[Date "2006.01.02"]
[Round "6.5"]
[White "Bellon Lopez, Juan Manuel"]
[Black "Berg, Emanuel"]
[Result "1-0"]
[WhiteElo "2401"]
[BlackElo "2540"]
[PlyCount "65"]
[EventDate "2005.12.27"]
[EventType "swiss"]
[EventRounds "9"]
[EventCountry "SWE"]
[Source "lmi"]
[SourceDate "2006.01.06"]

1. d4 e6 2. Nf3 Nf6 3. Bg5 h6 4. Bxf6 Qxf6 5. e4 d6 6. Nc3 Nd7 7. Qd2 Qd8 8.
O-O-O a6 9. Ne1 b5 10. f4 Bb7 11. Qe3 Be7 12. Nd3 Nb6 13. Qg3 O-O 14. h4 Nc4
15. Nf2 d5 16. exd5 Bxd5 17. Ng4 Kh8 18. Ne5 c6 19. Bd3 Nxe5 20. dxe5 b4 21.
Nxd5 exd5 22. Qg4 a5 23. Rh3 Qc8 24. Bf5 Qc7 25. Rg3 Rg8 26. Qh5 Bf8 27. Rg6 b3
28. cxb3 a4 29. Bd3 Qd7 30. e6 Qe7 31. exf7 axb3 32. Qxh6+ gxh6 33. Rxg8# 1-0

[Event "35. Rilton Cup 2005/2006"]
[Site "Stockholm"]
[Date "2006.01.02"]
[Round "6.6"]
[White "Olsson, Linus"]
[Black "Kurnosov, Igor"]
[Result "1/2-1/2"]
[WhiteElo "2354"]
[BlackElo "2523"]
[PlyCount "68"]
[EventDate "2005.12.27"]
[EventType "swiss"]
[EventRounds "9"]
[EventCountry "SWE"]
[Source "lmi"]
[SourceDate "2006.01.06"]

1. c4 g6 2. Nc3 Bg7 3. d4 c5 4. d5 d6 5. e4 Nf6 6. h3 O-O 7. Nf3 e6 8. Bd3 exd5
9. cxd5 Re8 10. O-O c4 11. Bxc4 Nxe4 12. Nxe4 Rxe4 13. Bd3 Re8 14. Bf4 Nd7 15.
Qd2 Nc5 16. Rae1 Bd7 17. Bxd6 Nxd3 18. Qxd3 Qb6 19. Qa3 Bxb2 20. Qb4 Qxb4 21.
Bxb4 b6 22. Re7 Rxe7 23. Bxe7 Rc8 24. Re1 f6 25. Re2 Re8 26. d6 Bc3 27. g4 h6
28. Re3 Rc8 29. Nh4 Kf7 30. Bd8 Be5 31. Bc7 Re8 32. Ra3 Bd4 33. Rxa7 Re1+ 34.
Kh2 Be5+ 1/2-1/2

[Event "35. Rilton Cup 2005/2006"]
[Site "Stockholm"]
[Date "2006.01.02"]
[Round "6.7"]
[White "Nithander, Victor"]
[Black "Fontaine, Robert"]
[Result "0-1"]
[WhiteElo "2243"]
[BlackElo "2507"]
[PlyCount "102"]
[EventDate "2005.12.27"]
[EventType "swiss"]
[EventRounds "9"]
[EventCountry "SWE"]
[Source "lmi"]
[SourceDate "2006.01.06"]

1. e4 e5 2. Nf3 Nc6 3. Bb5 Nf6 4. O-O Nxe4 5. d4 Nd6 6. Bxc6 dxc6 7. dxe5 Nf5
8. Qxd8+ Kxd8 9. Nc3 Ne7 10. h3 h6 11. Ne2 Bf5 12. c4 Kc8 13. b3 Bd3 14. Re1
Ng6 15. a3 a5 16. Bb2 Be7 17. Nc1 Bf5 18. Nd4 Be6 19. Nxe6 fxe6 20. g3 Rd8 21.
Bc3 Bc5 22. Ra2 a4 23. b4 Bd4 24. Rc2 c5 25. b5 b6 26. Kg2 h5 27. Ne2 Bxc3 28.
Rxc3 Rd2 29. Ng1 Kb7 30. Nf3 Rb2 31. Rd1 Rf8 32. h4 Rf5 33. Re3 Rc2 34. Rd7
Rxc4 35. Rxg7 Rg4 36. Ng5 Nxh4+ 37. Kh3 Rgxg5 38. Rxg5 Rxg5 39. Kxh4 Rf5 40. f3
c6 41. bxc6+ Kxc6 42. g4 hxg4 43. fxg4 Rf8 44. Rd3 c4 45. Rd6+ Kc5 46. Rxe6 c3
47. Re7 Rc8 48. Rf7 c2 49. Rf1 Kd5 50. Rc1 Kxe5 51. Kg5 Kd4 0-1

[Event "35. Rilton Cup 2005/2006"]
[Site "Stockholm"]
[Date "2006.01.02"]
[Round "6.8"]
[White "Karlsson, Lars"]
[Black "Lindberg, Bengt"]
[Result "1-0"]
[WhiteElo "2501"]
[BlackElo "2420"]
[PlyCount "101"]
[EventDate "2005.12.27"]
[EventType "swiss"]
[EventRounds "9"]
[EventCountry "SWE"]
[Source "lmi"]
[SourceDate "2006.01.06"]

1. d4 Nf6 2. Bf4 c5 3. e3 Qb6 4. Nc3 e6 5. Rb1 d5 6. Nf3 Be7 7. h3 a6 8. dxc5
Qxc5 9. Bd3 b5 10. O-O Bb7 11. Qe2 Nbd7 12. a4 b4 13. Na2 Qa5 14. b3 O-O 15. c3
bxc3 16. b4 Qxa4 17. Nxc3 Qc6 18. Rfc1 Qb6 19. b5 axb5 20. Nxb5 Qa5 21. Bc7 Qa4
22. Nfd4 Nc5 23. Bc2 Qa6 24. Qd1 Bc6 25. Nd6 Bd7 26. Ra1 Na4 27. Bd3 Qa7 28.
N4b5 Qa6 29. Nd4 Qa7 30. N4b5 Qa6 31. Qf1 Ne4 32. Nc3 Qa7 33. Ncxe4 dxe4 34.
Bxe4 Rab8 35. Bxb8 Qxb8 36. Bc6 Qxd6 37. Bxa4 Bc8 38. Bc6 h5 39. Ra8 h4 40. Bf3
Bd7 41. Rxf8+ Bxf8 42. Qc4 g5 43. Rd1 Qe7 44. Bc6 Bc8 45. Bb5 Bb7 46. Rd7 Bd5
47. Qd4 Qb4 48. Qf6 Qb1+ 49. Bf1 Qg6 50. Qxg6+ fxg6 51. Bd3 1-0

[Event "35. Rilton Cup 2005/2006"]
[Site "Stockholm"]
[Date "2006.01.02"]
[Round "6.9"]
[White "Miezis, Normunds"]
[Black "Ask, Josef"]
[Result "1-0"]
[WhiteElo "2470"]
[BlackElo "2236"]
[PlyCount "65"]
[EventDate "2005.12.27"]
[EventType "swiss"]
[EventRounds "9"]
[EventCountry "SWE"]
[Source "lmi"]
[SourceDate "2006.01.06"]

1. c4 g6 2. Nc3 Bg7 3. g3 d6 4. Bg2 c5 5. d3 Nc6 6. a3 a5 7. Rb1 e6 8. h4 h5 9.
Bg5 f6 10. Bd2 Nge7 11. Nh3 e5 12. O-O O-O 13. Kh2 Rb8 14. Ng1 Be6 15. Qc1 b6
16. b3 d5 17. e4 dxe4 18. dxe4 Nd4 19. Nd5 Nec6 20. Nh3 Qd7 21. f4 b5 22. Be3
Rb7 23. cxb5 Rxb5 24. Bxd4 Nxd4 25. fxe5 fxe5 26. Rxf8+ Kxf8 27. a4 Rxb3 28.
Qxc5+ Kg8 29. Rxb3 Nxb3 30. Qb6 Nd4 31. Ng5 Bxd5 32. exd5 Qe8 33. d6 1-0

[Event "35. Rilton Cup 2005/2006"]
[Site "Stockholm"]
[Date "2006.01.02"]
[Round "6.10"]
[White "Postny, Evgeny"]
[Black "Berczes, Csaba"]
[Result "1-0"]
[WhiteElo "2571"]
[BlackElo "2389"]
[PlyCount "65"]
[EventDate "2005.12.27"]
[EventType "swiss"]
[EventRounds "9"]
[EventCountry "SWE"]
[Source "lmi"]
[SourceDate "2006.01.06"]

1. d4 Nf6 2. c4 e6 3. g3 Bb4+ 4. Bd2 Qe7 5. Nf3 Nc6 6. Nc3 Bxc3 7. Bxc3 Ne4 8.
Rc1 O-O 9. Bg2 a5 10. O-O Nxc3 11. Rxc3 d6 12. d5 Nb4 13. a3 Na6 14. Nd2 e5 15.
b3 f5 16. Qb1 Bd7 17. Rd1 Rae8 18. b4 axb4 19. axb4 Bc8 20. Rdc1 Qf7 21. c5 e4
22. Qb3 Re5 23. cxd6 Rxd5 24. b5 Rxd2 25. bxa6 bxa6 26. dxc7 Qxb3 27. Rxb3 Kf7
28. f3 exf3 29. Bxf3 Ke7 30. Rb8 Rd6 31. h3 g6 32. Rc3 Kf6 33. Rxc8 1-0

[Event "35. Rilton Cup 2005/2006"]
[Site "Stockholm"]
[Date "2006.01.02"]
[Round "6.11"]
[White "Gagarin, Vasilij"]
[Black "Brynell, Stellan"]
[Result "1/2-1/2"]
[WhiteElo "2422"]
[BlackElo "2496"]
[PlyCount "82"]
[EventDate "2005.12.27"]
[EventType "swiss"]
[EventRounds "9"]
[EventCountry "SWE"]
[Source "lmi"]
[SourceDate "2006.01.06"]

1. d4 d5 2. c4 Nc6 3. cxd5 Qxd5 4. e3 e5 5. Nc3 Bb4 6. Bd2 Bxc3 7. bxc3 Nf6 8.
f3 O-O 9. e4 Qd6 10. d5 Ne7 11. Bd3 Nd7 12. Ne2 Nc5 13. Be3 f5 14. O-O Bd7 15.
c4 f4 16. Bf2 g5 17. Nc1 b6 18. Bc2 Rf6 19. Nb3 Rg6 20. Nxc5 bxc5 21. Ba4 Bxa4
22. Qxa4 g4 23. fxg4 Rxg4 24. Qa3 Kf7 25. Bxc5 Qg6 26. Qf3 Ng8 27. Rab1 Nf6 28.
Rfe1 Rg8 29. Re2 Nd7 30. Bxa7 Qa6 31. Be3 Nf6 32. Bd2 Qxa2 33. Rc1 Rxg2+ 34.
Rxg2 Qxd2 35. Rf1 Rxg2+ 36. Qxg2 Qe3+ 37. Qf2 Qxe4 38. Qc5 Qg6+ 39. Kh1 Qe4+
40. Kg1 Qg6+ 41. Kh1 Qe4+ 1/2-1/2

[Event "35. Rilton Cup 2005/2006"]
[Site "Stockholm"]
[Date "2006.01.02"]
[Round "6.12"]
[White "Jens, Jelmer"]
[Black "Cramling, Pia"]
[Result "0-1"]
[WhiteElo "2366"]
[BlackElo "2492"]
[PlyCount "84"]
[EventDate "2005.12.27"]
[EventType "swiss"]
[EventRounds "9"]
[EventCountry "SWE"]
[Source "lmi"]
[SourceDate "2006.01.06"]

1. e4 c5 2. Nf3 a6 3. c4 e6 4. Nc3 Qc7 5. Be2 b6 6. O-O Bb7 7. Re1 Nf6 8. Bf1
Nc6 9. b3 Bd6 10. Bb2 Ng4 11. g3 h5 12. Bh3 Nce5 13. Nxe5 Nxe5 14. d3 g5 15.
Bg2 f6 16. d4 cxd4 17. Qxd4 Bc5 18. Qd2 h4 19. Na4 hxg3 20. Nxc5 gxf2+ 21. Qxf2
Ng4 22. Qg3 Qxc5+ 23. Kf1 Rh4 24. Rad1 O-O-O 25. h3 Ne5 26. Bd4 Qc6 27. Bxe5
fxe5 28. Qxe5 g4 29. Qg3 Rf8+ 30. Ke2 Rxh3 31. Bxh3 Qxe4+ 32. Kd2 Qd4+ 33. Kc1
Qa1+ 34. Kc2 Qxa2+ 35. Kc1 Qa1+ 36. Kc2 Rf2+ 37. Kd3 Qb2 38. Qxg4 Rf3+ 39. Qxf3
Qxb3+ 40. Kd2 Qxf3 41. Bf1 Kc7 42. Re3 Qf4 0-1

[Event "35. Rilton Cup 2005/2006"]
[Site "Stockholm"]
[Date "2006.01.02"]
[Round "6.13"]
[White "Nouro, Mikael"]
[Black "Berczes, David"]
[Result "1/2-1/2"]
[WhiteElo "2349"]
[BlackElo "2475"]
[PlyCount "82"]
[EventDate "2005.12.27"]
[EventType "swiss"]
[EventRounds "9"]
[EventCountry "SWE"]
[Source "lmi"]
[SourceDate "2006.01.06"]

1. e4 c5 2. Nf3 d6 3. c3 Nf6 4. Be2 g6 5. O-O Bg7 6. Bb5+ Nbd7 7. Re1 a6 8. Bf1
O-O 9. d4 b6 10. e5 Ne8 11. Bg5 dxe5 12. dxe5 Bb7 13. Nbd2 Nc7 14. Qa4 h6 15.
Qh4 hxg5 16. Nxg5 Re8 17. e6 Nxe6 18. Rxe6 Nf6 19. Bc4 Bd5 20. Bxd5 Qxd5 21.
Re2 b5 22. Ndf3 Rad8 23. Rae1 Qxa2 24. Ne5 b4 25. cxb4 Rd4 26. Qh3 Qd5 27.
Nexf7 e5 28. bxc5 Nh5 29. g3 Qxc5 30. Ne6 Qc8 31. Nfg5 Rb4 32. g4 Nf6 33. Rxe5
Rxg4+ 34. Kh1 Qb7+ 35. f3 Rb4 36. Nc5 Rxe5 37. Rxe5 Qc6 38. Qe6+ Qxe6 39. Ngxe6
Rxb2 40. Nxg7 Kxg7 41. Nxa6 Rf2 1/2-1/2

[Event "35. Rilton Cup 2005/2006"]
[Site "Stockholm"]
[Date "2006.01.02"]
[Round "6.14"]
[White "Johansson, Gunnar"]
[Black "Hillarp Persson, Tiger"]
[Result "0-1"]
[WhiteElo "2276"]
[BlackElo "2534"]
[PlyCount "100"]
[EventDate "2005.12.27"]
[EventType "swiss"]
[EventRounds "9"]
[EventCountry "SWE"]
[Source "lmi"]
[SourceDate "2006.01.06"]

1. d4 d5 2. c4 dxc4 3. Nf3 Nf6 4. e3 g6 5. Bxc4 Bg7 6. O-O O-O 7. Nc3 c5 8. Qe2
cxd4 9. Nxd4 a6 10. Rd1 Qc7 11. e4 Ng4 12. Nf3 e6 13. h3 Ne5 14. Nxe5 Bxe5 15.
Bh6 Re8 16. Rac1 Nc6 17. Be3 Rb8 18. Qc2 Rd8 19. Bf1 Rxd1 20. Qxd1 Bd7 21. Na4
Be8 22. Bb6 Qe7 23. b3 h5 24. Nc5 Bd4 25. Na4 Qf6 26. Bxd4 Nxd4 27. Nc3 Bc6 28.
Qd2 Rd8 29. Qe3 e5 30. Bc4 b5 31. Bd5 b4 32. Ne2 Bxd5 33. exd5 Rxd5 34. Nxd4
Rxd4 35. Re1 Rd5 36. Qa7 Kg7 37. Qe3 a5 38. Rc1 Qd6 39. Re1 Qc5 40. Qxc5 Rxc5
41. Re2 h4 42. Kh2 f5 43. g3 hxg3+ 44. Kxg3 Rc3+ 45. Kg2 e4 46. Rd2 Kf6 47.
Rd6+ Kg5 48. h4+ Kxh4 49. Rxg6 Rc2 50. Rf6 Kg4 0-1

[Event "35. Rilton Cup 2005/2006"]
[Site "Stockholm"]
[Date "2006.01.02"]
[Round "6.15"]
[White "Jaracz, Pawel"]
[Black "Niemi, Kalle"]
[Result "1-0"]
[WhiteElo "2492"]
[BlackElo "2250"]
[PlyCount "75"]
[EventDate "2005.12.27"]
[EventType "swiss"]
[EventRounds "9"]
[EventCountry "SWE"]
[Source "lmi"]
[SourceDate "2006.01.06"]

1. e4 c5 2. Nf3 Nc6 3. Bb5 Nf6 4. Bxc6 dxc6 5. d3 Nd7 6. e5 Nb6 7. Nbd2 h6 8.
Qe2 Bg4 9. h3 Bxf3 10. Nxf3 e6 11. Bd2 Be7 12. h4 Nd5 13. h5 Qb6 14. O-O-O
O-O-O 15. Qe4 Rhe8 16. g4 Nc7 17. g5 hxg5 18. Bxg5 Bxg5+ 19. Nxg5 Re7 20. Qf3
Nb5 21. Ne4 Nd4 22. Qg4 Nf5 23. Ng3 Rd4 24. Qg5 Nxg3 25. fxg3 Red7 26. Qxg7 c4
27. h6 c3 28. bxc3 Ra4 29. h7 Rxa2 30. h8=Q+ Kc7 31. Rh2 Qb2+ 32. Kd2 Qxc2+ 33.
Ke1 Qxc3+ 34. Kf1 Rxd3 35. Qxf7+ Kb6 36. Rb1+ Kc5 37. Qhf8+ Kd5 38. Qd6+ 1-0

[Event "35. Rilton Cup 2005/2006"]
[Site "Stockholm"]
[Date "2006.01.02"]
[Round "6.16"]
[White "Akesson, Ralf"]
[Black "Sisatto, Olli"]
[Result "0-1"]
[WhiteElo "2486"]
[BlackElo "2250"]
[PlyCount "72"]
[EventDate "2005.12.27"]
[EventType "swiss"]
[EventRounds "9"]
[EventCountry "SWE"]
[Source "lmi"]
[SourceDate "2006.01.06"]

1. c4 e5 2. Nc3 Bb4 3. g3 Bxc3 4. bxc3 Nc6 5. Bg2 d6 6. d4 Nge7 7. Ba3 O-O 8.
Nf3 f6 9. O-O Kh8 10. d5 Na5 11. Qa4 b6 12. c5 Nxd5 13. cxd6 cxd6 14. Nxe5 Bb7
15. Bxd5 Bxd5 16. Rad1 Bxa2 17. Rxd6 Qe8 18. Rd7 Be6 19. Bxf8 Qxf8 20. Nf3 Bxd7
21. Qxd7 Qe8 22. Qd3 Nb7 23. Nd4 Nc5 24. Qc4 Ne4 25. Rc1 h6 26. Qc7 Qc8 27. Qf4
Ng5 28. Qe3 Qe8 29. Qd2 Ne4 30. Qf4 Rc8 31. c4 Nc5 32. Qg4 Rd8 33. Nf5 Rd7 34.
f3 g6 35. Nxh6 Qe3+ 36. Kg2 Qxh6 0-1

[Event "35. Rilton Cup 2005/2006"]
[Site "Stockholm"]
[Date "2006.01.02"]
[Round "6.17"]
[White "Marttala, Thomas"]
[Black "Handke, Florian"]
[Result "1-0"]
[WhiteElo "2269"]
[BlackElo "2460"]
[PlyCount "75"]
[EventDate "2005.12.27"]
[EventType "swiss"]
[EventRounds "9"]
[EventCountry "SWE"]
[Source "lmi"]
[SourceDate "2006.01.06"]

1. c4 Nf6 2. Nc3 e5 3. g3 d5 4. cxd5 Nxd5 5. Bg2 Nb6 6. Nf3 Nc6 7. d3 Be7 8.
O-O O-O 9. a3 a5 10. Be3 Be6 11. Na4 e4 12. Ne1 Nd5 13. Bd2 exd3 14. Nxd3 Nd4
15. Nac5 Bg4 16. f3 Bc8 17. e4 b6 18. Nb3 Nf6 19. Be3 Ne6 20. Rf2 c5 21. Rd2
Qc7 22. Nf4 a4 23. Nc1 Bb7 24. Nce2 Nxf4 25. Bxf4 Qc6 26. Nc3 Rfd8 27. Rxd8+
Bxd8 28. Bf1 Qe8 29. Qd6 Bc6 30. Rd1 Be7 31. Qc7 Bd8 32. Qd6 Be7 33. Qc7 Nh5
34. Be3 Rb8 35. Nd5 Bxd5 36. Rxd5 Nf6 37. Re5 Nd7 38. Bb5 1-0

[Event "35. Rilton Cup 2005/2006"]
[Site "Stockholm"]
[Date "2006.01.02"]
[Round "6.18"]
[White "Lindberg, Henrik"]
[Black "Hermansson, Emil"]
[Result "1-0"]
[WhiteElo "2239"]
[BlackElo "2449"]
[PlyCount "75"]
[EventDate "2005.12.27"]
[EventType "swiss"]
[EventRounds "9"]
[EventCountry "SWE"]
[Source "lmi"]
[SourceDate "2006.01.06"]

1. e4 c5 2. Nf3 e6 3. d4 cxd4 4. Nxd4 Nc6 5. Nc3 Nf6 6. g3 Bb4 7. Bg2 O-O 8.
Nde2 b6 9. O-O Ba6 10. Bd2 Rc8 11. a4 Be7 12. Nb5 d5 13. exd5 Nxd5 14. Nf4 Nxf4
15. Bxf4 Nb4 16. c3 Nd3 17. Qd2 e5 18. Be3 Nc5 19. Qc2 Qe8 20. Rfd1 Bxb5 21.
axb5 Qxb5 22. Rxa7 Bf6 23. Rd6 Rfd8 24. Bf1 Qxf1+ 25. Kxf1 Rxd6 26. b4 Ne6 27.
Qa4 Nf8 28. c4 h6 29. Ra8 Rdd8 30. Rxc8 Rxc8 31. Bxb6 Rxc4 32. Qe8 g6 33. Bc5
Bg7 34. Bd6 Rd4 35. Be7 e4 36. b5 Rd1+ 37. Kg2 Rb1 38. Bc5 1-0

[Event "35. Rilton Cup 2005/2006"]
[Site "Stockholm"]
[Date "2006.01.02"]
[Round "6.19"]
[White "Logdahl, Harald"]
[Black "Velicka, Petr"]
[Result "1/2-1/2"]
[WhiteElo "2233"]
[BlackElo "2441"]
[PlyCount "107"]
[EventDate "2005.12.27"]
[EventType "swiss"]
[EventRounds "9"]
[EventCountry "SWE"]
[Source "lmi"]
[SourceDate "2006.01.06"]

1. e4 d5 2. exd5 Qxd5 3. Nc3 Qa5 4. g3 Nf6 5. Bg2 c6 6. Nf3 Bg4 7. b4 Qc7 8. b5
e6 9. O-O Be7 10. h3 Bxf3 11. Qxf3 a6 12. bxc6 Nxc6 13. Rb1 O-O 14. Qe3 b5 15.
Bb2 Rac8 16. a4 b4 17. Ne4 Nd5 18. Qe2 Rfe8 19. Qh5 h6 20. f4 Bf8 21. f5 e5 22.
c3 bxc3 23. Bxc3 Be7 24. f6 Bxf6 25. Nxf6+ Nxf6 26. Rxf6 gxf6 27. Qxh6 Re6 28.
Bd5 Rd6 29. Qg6+ Kf8 30. Qh6+ Ke7 31. Bxf7 Kxf7 32. Rb7 Ke6 33. Rxc7 Rxc7 34.
Kf2 Rcd7 35. h4 Ne7 36. Qh8 Nd5 37. Qg8+ Ke7 38. Ba5 f5 39. h5 Nf6 40. Qh8 Ke6
41. Kg2 Kf7 42. Qh6 Rd5 43. Bb4 Rd8 44. Qe3 a5 45. Bc3 Nxh5 46. Qg5 Ng7 47.
Bxe5 Rxd2+ 48. Kf1 Rd1+ 49. Ke2 R1d2+ 50. Qxd2 Rxd2+ 51. Kxd2 Ne6 52. Kd3 Nc5+
53. Kc4 Ke6 54. Kxc5 1/2-1/2

[Event "35. Rilton Cup 2005/2006"]
[Site "Stockholm"]
[Date "2006.01.02"]
[Round "6.20"]
[White "Kolbus, Dietmar"]
[Black "Andersson, Fredrik"]
[Result "1-0"]
[WhiteElo "2413"]
[BlackElo "2208"]
[PlyCount "137"]
[EventDate "2005.12.27"]
[EventType "swiss"]
[EventRounds "9"]
[EventCountry "SWE"]
[Source "lmi"]
[SourceDate "2006.01.06"]

1. c4 e5 2. Nc3 Nf6 3. Nf3 Nc6 4. e3 Bb4 5. Qc2 O-O 6. Nd5 Bd6 7. Ng5 g6 8.
Nxf6+ Qxf6 9. Ne4 Qf5 10. Be2 Be7 11. a3 b6 12. d3 Bb7 13. O-O Qe6 14. Nc3 f5
15. Bd2 Rac8 16. Rad1 Nd8 17. d4 e4 18. d5 Qf6 19. Nb5 a6 20. Bc3 Qh4 21. g3
Qg5 22. d6 cxd6 23. Nxd6 Bxd6 24. Rxd6 Bc6 25. Rfd1 Ne6 26. c5 b5 27. h4 Qe7
28. b4 g5 29. hxg5 Qxg5 30. Qa2 Rf7 31. Rxe6 dxe6 32. Qxe6 Bb7 33. Rd7 Qg6 34.
Qd6 Qxd6 35. Rxd6 Kf8 36. Bh5 Rfc7 37. Rf6+ Ke7 38. Rxf5 Rf8 39. Rg5 Kd8 40.
Be5 Rd7 41. Bd6 Rh8 42. Bg4 Rf7 43. Be6 Rf6 44. Be5 Rxe6 45. Bxh8 Kd7 46. Be5
Re7 47. Rh5 Bc6 48. Bd6 Rf7 49. Bf4 Kc8 50. Rh6 Kb7 51. Kf1 Rd7 52. Ke2 Rf7 53.
Kd2 Rd7+ 54. Bd6 Rf7 55. Kc3 Rd7 56. Kd4 Rf7 57. Ke5 Rg7 58. Kf6 Rd7 59. Rh5
Ka8 60. Rg5 Kb7 61. Ke6 Kc8 62. Rg8+ Rd8 63. Rg7 Rd7 64. Be7 Rd2 65. Bd6 Bd5+
66. Ke5 Bb3 67. Rxh7 Rxf2 68. c6 Rc2 69. Rh8+ 1-0